[Event "Biel Accentus"]
[Site "Biel"]
[Date "2011.07.26"]
[Round "7"]
[White "Pelletier, Yannick"]
[Black "Caruana, Fabiano"]
[Result "0-1"]
[WhiteElo "2590"]
[BlackElo "2711"]
[Annotator "Ftacnik,L"]
[PlyCount "132"]
[EventDate "2011.07.18"]
[EventType "tourn"]
[EventRounds "10"]
[EventCountry "SUI"]
[EventCategory "19"]
[SourceTitle "CBM 144"]
[Source "ChessBase"]
[SourceDate "2011.09.16"]
[SourceVersion "1"]
[SourceVersionDate "2011.09.16"]
[SourceQuality "1"]

1. d4 Nf6 2. c4 g6 3. Nc3 d5 4. cxd5 Nxd5 5. e4 Nxc3 6. bxc3 Bg7 7. Nf3 c5 8.
Rb1 O-O 9. Be2 Nc6 10. d5 Ne5 11. Nxe5 Bxe5 12. Qd2 e6 13. f4 Bc7 $5 {The
transfer of the bishop to the a5-square belongs to the most original solutions
in the Grünfeld Defence. Black is refusing to defend passively after the
natural retreat of the bishop to g7 or h8. The bishop on the queenside will
pin the pawn and complicate the natural advance c3-c4.} (13... Bg7) (13... Bh8)
14. O-O exd5 15. exd5 Ba5 16. d6 {White players are not facing an easy task in
this system. The passive approach would have enabled the opponent to ideally
develop pieces and take over the initiative. The first player simply has to
play ambitiously.} (16. f5 Bxf5 17. Rxb7 Qd6 (17... Qf6 18. g4 Bxc3 19. Bb2
Bxb2 20. Rxb2 c4 21. Bxc4 Qh4 22. Rf4 Bxg4 23. Qd4 $14 {1/2-1/2 Shabalov,A 
(2593)-Areshchenko,A (2625)/Port Erin 2005/ (39)}) 18. Bc4 (18. Rb5 Bc7 19. g3
(19. Qh6 Qe5 20. Rb7 Ba5 21. c4 Bc3 22. Bf3 Rae8 23. Bd2 Qd4+ {0-1 Doeppner,
T-Lindinger,M/Germany 1998/}) 19... c4 20. Rxf5 gxf5 21. Ba3 Qxa3 {1/2-1/2
Kiriakov,P-Mikhalevski,V/Dieren 1997/}) 18... Rfb8 (18... Rae8 19. Rxa7 Bb6 20.
Ra6 Bc8 21. Ra8 Bc7 22. Qf4 $16 {1-0 Jelen,I-Borge,N/Budapest 1998/ (31)}) (
18... Qe5 19. Re1 Qf6 20. Bb2 Rfb8 21. Ree7 Rxb7 22. Rxb7 Qd6 23. Qe3 Bc7 24.
Qg3 Qxg3 25. hxg3 Bxg3 $17 {1/2-1/2 Johannessen,L-Sutovsky,E/Saint Vincent
2005/ (33)}) 19. Rxb8+ (19. Qb2 $5 Rxb7 20. Qxb7 Re8 21. Bf4 Qb6 $13) 19...
Rxb8 20. Qg5 Rb1 $11 {1/2-1/2 Bacrot,E (2725)-Sutovsky,E (2654)/Khanty
Mansiysk 2005/ (27)}) 16... Rb8 $1 {The great number of games and problems
after the more natural looking move 16...b6 have convinced the defenders that
the rook move is more flexible and promising.} (16... b6) 17. Bb2 $146 {
[%mdl 4] The first players have tried a variety of methods how to question
Black's defence. Surprisingly enough this modest bishop move has never been
tried in known practice.} (17. Ba3 Bf5 18. Rbd1 (18. Rbc1 $5 Rc8 19. g4 Bd7 20.
Bf3 b5 21. f5 Qh4 22. Rce1 Qf6 23. Bb2 c4 24. fxg6 hxg6 25. Re7 Bb6+ 26. Kg2
Be6 27. Ba3 Rcd8 $14 {1-0 Alpert,A-Nemec,B/ICCF Email 2001/ICCF Telechess (32)}
) (18. Rb5 a6 19. Rxc5 Bb6 20. Kh1 Bxc5 21. Bxc5 Qd7 22. Bb6 Be4 23. Qd4 Rbe8
$15 {0-1 Gajewski,G (2567)-Sutovsky,E (2650)/Rijeka 2010/ (53)}) 18... Rc8 (
18... b6 {is illogical:} 19. h3 Qf6 20. Bb2 Rbd8 21. Bb5 Bd7 22. c4 $1 Qf5 23.
Bxd7 Rxd7 24. Qe2 Qe6 25. Qxe6 fxe6 26. Be5 $16 {1-0 Khalifman,A (2655)-Roos,D
(2420)/Germany 1998/ (48)}) (18... Qf6 19. Bxc5 Bxc3 20. Bd4 Bxd4+ 21. Qxd4
Qxd4+ 22. Rxd4 b5 23. Rc1 Be6 $11 {1/2-1/2 Mikhalevski,V (2571)-Ftacnik,L 
(2579)/Bellevue 2006/ (34)}) 19. g4 (19. Bf3 Qf6 20. d7 (20. Bb2 $6 c4 21. Rfe1
Bd3 22. Re5 Qxd6 $1 23. Bxb7 Rce8 24. Kh1 Rxe5 25. fxe5 Qxe5 26. Re1 Qf6 $19 {
0-1 Belov,V-Nikolenko,O/Moscow 2000/ (32)}) 20... Rcd8 21. Bxc5 Rxd7 22. Qe3
Rc8 23. Rxd7 Bxd7 24. Bd4 Qd6 (24... Bb6 25. Bxb6 {1/2-1/2 Hessenius,
I-Povchanic,D/ICCF Email 2002/ (25).}) (24... Qe6 25. Qd2 Qc4 26. Rf2 Bf5 27.
Bxb7 Rb8 28. Qe3 $14 {1-0 Sharavdorj,D (2452)-Mammadova,G (2284)/Moscow 2011/ 
(37)}) 25. Re1 Rxc3 26. Qe8+ {1/2-1/2 Eckstein,M-Kordts,W/IECG 2002/ (26)})
19... Bd7 (19... Be4 20. d7 Rc7 21. Bf3 $16) 20. f5 Qh4 21. Bf3 Rfe8 $6 (21...
b5) 22. Kh1 Re5 (22... b5 23. fxg6 $5 hxg6 24. Bd5) 23. fxg6 hxg6 24. Qf4 Qg5
$6 (24... Bxc3 25. Bg2 $1 Rf8 26. Rd3 $1 g5 27. Qf6 Bd4 28. Bxc5 $1 (28. Rxd4
Re6 29. Qe7 $1) 28... Rxc5 29. Qxd4 $18) (24... Rf5 25. Qe3 Rxf3 26. Qxf3 Bc6
27. Rd5 Rf8 28. c4 $16) 25. Bxb7 $2 (25. Bc1 Qxf4 26. Bxf4 Ree8 27. Bxb7 Re2
28. Rfe1 Rce8 $14) (25. Qg3 $1 $16) 25... Qxf4 26. Rxf4 Rb8 27. Bd5 Bxc3 $1 (
27... Rxd5 $143 28. Rxd5 Bc6 29. c4 $16) 28. Bxf7+ Kg7 $14 {1/2 Krasenkow,M 
(2676)-Avrukh,B (2614)/Izmir 2004/ (33)}) (17. Rb5 $5 Bd7 18. Rxa5 Qxa5 19. f5
c4 20. f6 Qc5+ 21. Kh1 Kh8 22. Qh6 Rg8 23. Bg5 $11 {1/2-1/2 Bormida,A-Peto,P/
IECG 2001/ (34)}) (17. g4 $5 Bd7 (17... c4 $5) 18. f5 gxf5 (18... Qf6 19. Bb2
gxf5 20. gxf5 Rfe8 $14) 19. Bd3 Kh8 20. Bxf5 Rg8 21. Bxd7 Qxd7 22. h3 f5 23.
Bb2 c4 24. Qd4+ Rg7 25. Bc1 b5 26. Qf6 $16 {1-0 Wells,P-Huzman,A/Antwerp 1993/
(31)}) (17. Bf3 b5 18. Ba3 Bf5 19. Rbd1 c4 20. Rfe1 Bd3 21. Be4 Qf6 22. Rc1
Rfe8 23. Bxd3 Rxe1+ 24. Qxe1 cxd3 25. d7 Qc6 {0-1 Xu Jun (2591)-Ni Hua (2607)/
Wuxi 2006/ (29)}) 17... b5 18. Rbd1 Bd7 {Caruana had no need to play with fire
and test the more dangerous form of defence after the move 18...Be6.} (18...
Be6 19. Kh1 Rb6 20. Bf3 (20. Qe3 Rxd6 21. c4 Rxd1 22. Rxd1 Qb6 $11) 20... Re8 (
20... Qb8 21. Rfe1 Rd8 22. Rxe6 fxe6 23. d7 c4 (23... Ra6 24. f5 $1 Qe5 25.
fxe6 $14) 24. Bg4 Kf7 25. Bc1 $14) 21. Rfe1 Qf6 22. Qf2 Bxc3 23. Bxc3 Qxc3 24.
Bg4 Rd8 25. Bxe6 Rbxd6 26. Rxd6 Rxd6 $13) 19. Bf3 c4 20. Kh1 Bf5 {The black
bishop on the d3-square would seriously limit the coordination of the enemy
pieces. The white queen begins to dance about with the iintention of
sacrificing an exchange.} (20... Re8 21. Rfe1 Qf6 22. Re7 Rxe7 23. dxe7 Be8 24.
Ba3 b4 25. cxb4 c3 26. Qe1 Bb6 $13) 21. Qd4 (21. Qd5 Qf6 22. Qe5 Qxe5 23. fxe5
Bd3 24. Rfe1 b4 $11) 21... Bb6 (21... Qb6 22. Rfe1 Qxd4 23. Rxd4 Rfe8 24. Re7
b4 25. cxb4 Bxb4 $11) 22. Qd5 Be6 23. Qe5 (23. Qc6 Re8 24. a4 Bd7 25. Qd5 Be3
$15) 23... Qd7 (23... Re8 24. Rfe1 Bd7 25. Qd5 Be3 $11) 24. Ba3 Rfe8 {Black
has firmly blockaded the dangerous pawn on d6 and thus uses the chance to
enhance the impact of his own pieces.} 25. Rfe1 (25. Qf6 Qd8 26. Qxd8 Rexd8 27.
Bd5 Ba5 28. Bxe6 fxe6 29. Rf3 b4 $11) 25... Bf2 (25... Bg4 26. Bxg4 Qxg4 27.
Qxe8+ Rxe8 28. Rxe8+ Kg7 29. Ree1 $14) 26. Rf1 (26. Re2 Bf5 27. Qd5 Rxe2 28.
Bxe2 Re8 $11) 26... Bb6 27. Rfe1 Bf2 28. Rf1 Bf5 (28... Bb6 $11) 29. Qf6 $2 {
Pelletier was ready to accept the draw by repetition of moves, so the
opponent's deviation has partly disturbed his concentration. The queen simply
does not yet belong on the f6-square.} (29. Qd5 Bh4 30. Bb4 Bd3 31. Rxd3 cxd3
32. Qxd3 $11) 29... Be3 (29... Re6 $1 30. Qg5 Bb6 $17) 30. Bd5 Be4 31. Bxe4 $6
{White has avoided the immediate punishment for his positional sin. At this
moment he could have used the chance to force the repetition with the help of
the courageous sacrifice of the whole rook.} (31. f5 $1 Bxf5 32. Rxf5 gxf5 33.
Bc5 Bxc5 34. Qg5+ $11) 31... Rxe4 32. f5 Rbe8 33. h3 (33. Rf3 Bh6 34. Rdf1 Bg7
35. Qg5 R8e5 $15) 33... Bh6 34. Bb4 Bg7 35. Qg5 h6 (35... R8e5 $15) 36. Qd2 {
Time trouble is lurking on the horizon and the precision of the moves for both
players begins to suffer.} (36. Qg3 gxf5 37. Rd5 R8e5 38. Rxe5 Rxe5 $15) 36...
gxf5 37. Qf2 f4 $6 (37... R8e5 38. a3 Re2 $15) 38. Qc5 Be5 39. Qd5 $2 {The
impulsive queen move is losing, the centralised queen will not be able to
avoid the catastrophe on the kingside.} (39. Rfe1 $1 Rxe1+ 40. Rxe1 f6 41. Qd5+
Kg7 $15) 39... Re3 40. a4 (40. Rfe1 Rxh3+ $1 41. gxh3 Qxh3+ 42. Kg1 f3 43. Qd2
Re6 $19) (40. Rf3 Kg7 41. Rb1 Re2 $17) 40... bxa4 41. Qxc4 a5 $6 {Black is
dreaming about the winning endgame and ignores the chance to punish the white
king.} (41... Rxh3+ $1 42. Kg1 (42. gxh3 Qxh3+ 43. Kg1 f3 44. Rf2 Bg3 45. Rfd2
Re5 46. d7 Bf2+ 47. Rxf2 Rg5+) 42... Rg3 $19) 42. Bxa5 Kh8 (42... Bxd6 43. Bb4
Qc7 44. Qxc7 Bxc7 $17) 43. Rd3 (43. Kg1 Rg8 44. Qc7 Rxg2+ $1 45. Kxg2 Qxh3+ 46.
Kg1 Qg4+ $19) (43. Qc7 Qe6 44. d7 Rg8 45. Qxe5+ Qxe5 46. d8=Q Rxd8 47. Bxd8 f3
$19) (43. Bb4 Rxh3+ 44. Kg1 f3 45. Rxf3 Rxf3 46. gxf3 Qh3 $19) 43... Rxd3 44.
Qxd3 Qxd6 45. Qxd6 (45. Qf5 $2 Qa6 $19) (45. Qb5 Rb8 46. Qxa4 f3 $1 $19) 45...
Bxd6 {The advanced pawn on the a-file is much more dangerous than White's
trump on the c3-square.} 46. Bb4 Bc7 (46... Bxb4 $2 47. cxb4 a3 48. Ra1 Ra8 49.
b5 $11) 47. Ra1 Ra8 48. Kg1 Kg7 49. Kf2 Kf6 50. Ke2 Ke5 51. Kd3 Kd5 52. Rd1 {
It is really difficult to define the concept of successful defence in this
situation. All types of endgames seem to be critical for White.} (52. c4+ Kc6
53. Ke4 Bd6 $17) 52... Be5 53. Kc2+ Kc4 54. Re1 f6 55. Re4+ Kb5 (55... Kd5 56.
Re2 Rb8 $17) 56. Kb2 (56. Re1 Rg8 57. Re2 Rg3 $19) 56... Rg8 {Pelletier has
managed to block the advance of the a-pawn, but the weaknesses on the kingside
are equally fatal.} 57. Re2 Rg3 58. Rf2 h5 (58... Kc4 59. Ka3 f3 60. Rxf3 Rxf3
61. gxf3 Bxc3 62. Bf8 h5 63. Kxa4 f5 $19) 59. Ka2 Re3 (59... f3 60. Rxf3 Rxg2+
61. Ka3 Rg3 $19) 60. Kb2 Re1 61. Ka2 Kc4 62. Ka3 Ra1+ 63. Kb2 Rd1 64. Ka3 Re1
65. Ba5 {The defender has found himself in a strange form of zugzwang. Any
step seems to be able to make his situation worse.} (65. Kb2 Kd3) (65. Ra2 Bxc3
66. Bxc3 Kxc3 67. Kxa4 Kd3 $19) 65... Kd3 66. Kxa4 Re2 {Black will be able to
advance his pawns on the kingside.} (66... Re2 67. Rf1 Kc4 68. Ka3 Rxg2 $19)
0-1

[Event "FIDE World Cup"]
[Site "Khanty-Mansiysk"]
[Date "2011.09.05"]
[Round "3.3"]
[White "Svidler, Peter"]
[Black "Caruana, Fabiano"]
[Result "1-0"]
[WhiteElo "2739"]
[BlackElo "2711"]
[Annotator "Caruana,F"]
[PlyCount "169"]
[EventDate "2011.08.28"]
[EventType "k.o."]
[EventRounds "7"]
[EventCountry "RUS"]
[SourceTitle "CBM 145"]
[Source "ChessBase"]
[SourceDate "2011.11.11"]
[SourceVersion "1"]
[SourceVersionDate "2011.11.11"]
[SourceQuality "1"]

{This was the first of our two game tiebreak match. Our classical games had
both ended uneventfully in draws.} 1. d4 d5 2. c4 c6 3. Nf3 Nf6 4. e3 Bg4 5.
Qb3 Qc7 6. Ne5 e6 {I wasn't very familiar with 5.Qb3, so I chose a rare line,
hoping to avoid my opponent's preparation. Black gives up the bishop pair and
accepts a slightly worse position, but I was happy to just get a normal
position to play.} 7. Nxg4 Nxg4 8. Be2 Nf6 9. Nc3 Nbd7 10. Bd2 Bd6 11. Rc1 ({
White could have also considered} 11. cxd5 exd5 12. Rc1 a6 13. g4 $1 h6 14. h4
{, when Black stands worse. White's plans of kingside or central expansion are
relatively clear-cut, while Black doesn't seem to have any meaningful
counterplay.}) 11... dxc4 {I was happy to get this fluid center.} 12. Qxc4 a6
13. h3 O-O 14. O-O e5 {I could have waited for this until White plays e4, but
I was a bit impatient. However, the position remains roughly the same in any
case.} 15. dxe5 Nxe5 16. Qb3 {It seems like White must have an advantage here
due to his bishop pair, but Black is very solid and it isn't easy for White to
find a concrete plan.} Rad8 17. Rfd1 Qe7 {It seemed like a good idea to escape
the gaze of the rook on c1. But the main idea of this move is to create
threats to White's king with ...Ng6 and ...Qe5.} 18. Be1 Ng6 19. Rd3 {Peter
continues to play logically. He is hoping to trade all the rooks and count on
his bishop pair in a simplified position.} b5 {After White's last move I
wanted to cause him discomfort with the idea of ...c5 and ...c4.} 20. Rcd1 h5
$5 {An interesting move. I wanted to fix White's pawns with ...h4, opening
ideas of ...Qe5.} (20... c5 21. Nd5 Nxd5 22. Rxd5 {brings Black nothing but
regret. The exchange of knights frees White's position considerably.}) 21. Qc2
h4 22. f4 $2 {A serious mistake.} ({White should have continued patiently with
} 22. a3 {, slowly planning b4 and eventually f4. It isn't clear what Black
will do.} Rfe8 23. b4 $14 {, and the onus is on Black to demonstrate
counterplay.}) 22... Bc5 23. Bf2 Rxd3 {I could see that Peter had missed
something and was upset with his position.} 24. Qxd3 ({I believe he had
overlooked} 24. Rxd3 Nxf4 ({Actually,} 24... Re8 $1 {, preparing ...Nxf4 on
the next move, is even stronger.} 25. a3 Qa7 $1 {is the important point.}) 25.
exf4 Bxf2+ 26. Kxf2 Qc5+ 27. Kf1 b4 {, when Black is at least equal.}) 24...
Re8 25. Bf3 Bxe3 26. Qxe3 Qxe3 27. Bxe3 Rxe3 28. Rd8+ Kh7 29. Ne2 {I had
expected Peter would go for this position. White is down a pawn, but due to
his strong bishop on f3 he has good chances to make a draw.} c5 $2 {Returning
the favor.} (29... Nd5 $1 30. Kf2 Rd3 {would have given White difficult
problems to solve. The game and perhaps the entire tournament might have
turned out differently had I played this.}) 30. Ra8 {I had missed this for
some bizarre reason, thinking only about 30.Rd6.} Rd3 $6 {The result of
general panic.} (30... Ne4 $1 {was a strong move, which would have at least
forced White to calculate a bit.} 31. Kf1 (31. Rxa6 Nxf4 {is the idea, which
seems to lead to a draw in the end, but of course White has to prove it.})
31... Nd2+ (31... Ne7 32. Rxa6 Nf5 {is another possibility, which is
objectively close to equal but White has to demonstrate accuracy.}) 32. Kf2 Rd3
33. Bb7 Nc4 34. b3 Nd6 35. Bf3 {, when neither side is in any real danger.})
31. Rxa6 {Now with his strong bishop against my ineffectual knights, White is
calling the shots, although with accurate play Black can still restore the
balance.} Rd1+ $2 {A really awful move pushes Black over the edge.} (31... Rd2
32. b3 Ne4 $1 {keeps Black in safety.}) 32. Kf2 Rd2 33. b3 {Now things are
seriously wrong for Black.} Rb2 34. Ke1 Ne7 $2 {A move beyond comprehension,
self-trapping my rook.} (34... c4 35. bxc4 bxc4 {is of course the only way,
although Black may already be in too deep.} 36. Kd1 {, and I don't think Black
can save the game.}) 35. Kd1 $18 {The game is over, the rest was simple.} Rb1+
36. Nc1 Rb2 37. Nd3 Rb1+ 38. Kc2 Rg1 39. a4 bxa4 40. Rxa4 Nfd5 41. Kd2 Rb1 42.
Nxc5 Rb2+ 43. Kc1 Rf2 44. Nd3 Rf1+ 45. Kd2 Rb1 46. Ra5 Nb6 47. Rb5 Nbc8 48. Kc2
Ra1 49. Kb2 Ra6 50. Rb7 Re6 51. b4 Nd6 52. Rc7 Nb5 53. Rc5 Nd4 54. Re5 Rd6 55.
Be4+ f5 56. Rxe7 fxe4 57. Rxe4 Nf5 58. Kc3 Rg6 59. Re5 Nd6 60. Ne1 Rg3+ 61. Kd4
Rb3 62. Nd3 Rb1 63. Rd5 Ne8 64. Rh5+ Kg6 65. Rxh4 Nd6 66. Rh8 Kf6 67. Rb8 Rd1
68. g4 Ke7 69. f5 Kd7 70. Rg8 Ne8 71. Ke3 Ke7 72. Ne5 Rb1 73. h4 Rb3+ 74. Kf4
Rxb4+ 75. Kg5 Re4 76. Ng6+ Kd7 77. Rf8 Nd6 78. Ra8 Ne8 79. h5 Rb4 80. Ra7+ Kd6
81. Re7 Nf6 82. Re6+ Kd7 83. Ne5+ Kc8 84. Rxf6 gxf6+ 85. Kxf6 {In the second
game, I came close to creating problems for Peter, but I missed a crucial
tactic and my hopes of equalizing the score evaporated. Finally, I would like
to extend my congratulations to Peter on his great achievement! He showed
great fighting spirit and exciting chess and in the end was a very deserving
winner.} 1-0

[Event "EU-chT (Men) 18th"]
[Site "Porto Carras"]
[Date "2011.11.07"]
[Round "5.1"]
[White "Caruana, Fabiano"]
[Black "Rodshtein, Maxim"]
[Result "1-0"]
[WhiteElo "2727"]
[BlackElo "2645"]
[Annotator "Caruana,F"]
[PlyCount "81"]
[EventDate "2011.11.03"]
[EventType "team-swiss"]
[EventRounds "9"]
[EventCountry "GRE"]
[SourceTitle "CBM 146"]
[Source "ChessBase"]
[SourceDate "2012.01.18"]
[SourceVersion "1"]
[SourceVersionDate "2012.01.18"]
[SourceQuality "1"]
[WhiteTeam "Italy"]
[BlackTeam "Israel"]
[WhiteTeamCountry "ITA"]
[BlackTeamCountry "ISR"]

1. d4 Nf6 2. c4 g6 3. f3 Bg7 4. e4 O-O 5. Nc3 d6 6. Be3 c5 7. Nge2 Qa5 {
A somewhat rare line, but I knew something about it. Black is hoping to get an
improved version of the Benoni lines should White play d5.} 8. Nc1 {Instead
White forces the game into a Maroczy structure. Due to the threat of Nb3 Black
is forced to capture d4.} cxd4 9. Nb3 Qh5 10. Nxd4 Nc6 11. Be2 {I wasn't aware
about any theory in this position, so I continued to make natural moves, but
perhaps this was inaccurate.} ({After} 11. Qd2 {, it doesn't make any sense to
play} Qh4+ 12. Bf2 {anymore, because the g5-square is covered.}) 11... Nxd4 12.
Bxd4 Qh4+ $5 {This move came as a big surprise, but after some thought I
realized it's actually a strong idea. White's problem is that after 13.Bf2 Qg5
he's unable to comfortably defend his pawn, so he's forced to weaken his
position by moving it.} 13. g3 ({I considered} 13. Bf2 Qg5 14. g4 {, but I
didn't like the continuation} Be6 15. h4 Qe5 {, and White's pawn structure is
severly weakened.}) 13... Qg5 {I had expected him to play this way, but my
next move casts doubt on the soundness of Black's position. 13...Qh3 may have
offered better chances for equality.} (13... Qh3 {I assume Maxim was worried
his queen might become trapped, but in reality it's never in any danger.} 14.
Kf2 Be6 15. Qd2 Bh6 16. f4 (16. Be3 Bxe3+ 17. Qxe3 Rfc8 18. b3 Qh5 {offers
White nothing.}) 16... Bg7 $1 {After provoking f4 the bishop returns, leaving
the e4-pawn vulernable and the g4 square open to invasion. Black has
sufficient counterplay.}) 14. Kf2 $1 {A strong move, preparing to regroup with
Be3, Qd2, Rc1 and b3, when White has organized his position and enjoys a
typical Maroczy bind. Instead, castling would allow ...Bh3 with gain of tempo.}
Be6 15. Rc1 {No drastic measures such as f4 are necessary yet. First it's
important to make sure Black has no counterplay.} Qa5 (15... Rfc8 16. b3 a6 17.
a4 Nd7 18. Bxg7 Kxg7 19. f4 Qc5+ 20. Kg2 {is similar to the game, but perhaps
a slight improvement for Black.}) 16. Kg2 {Getting out of any potential checks
on c5 or g4.} Rfc8 17. b3 a6 18. a4 {Pretty much required to stop ...b5. The
weakening of the b3-pawn could be an important issue but Black has no way to
exploit it.} Nd7 19. Bxg7 Kxg7 20. f4 {Of course this is the point of my play.
If Black continues after the b3-pawn with ...Nc5 he leaves his kingside
vulnerable to an attack with Rf1 and f5.} Nf6 $2 {A strategic mistake. Black
opts for a passive defence, hoping his position is solid enough that White
can't break through. However, White has more than enough resources to attack
on the kingside.} ({I had expected} 20... Nc5 21. Rf1 f6 {, and had planned
the interesting} 22. Rf3 $5 {, with the idea to meet} Qb4 {with} 23. Nd5 Bxd5
24. exd5 $14 {, and after Re3 Black will be under some pressure, but his
position remains solid. In any case this was the best option available to him.}
) 21. Bf3 {Patient play. I defend my e4-pawn in anticipation of ...b5.} Rab8
22. Re1 Rd8 {Maxim doesn't seem to have any clear idea what to do. White's
advantage continues to grow with each move.} ({I had actually expected the
drastic} 22... b5 $5 23. axb5 axb5 24. Nxb5 Rxb5 25. cxb5 Rxc1 26. Qxc1 Qxb5
27. Qc3 Qxb3 28. Qxb3 Bxb3 29. Rc1 {, when I felt I would be able to win the
endgame, but matters are not totally clear.}) 23. g4 $1 {The time has come to
begin the assault. Now White will continue with f5 and g5, when moves like Nd5
and Qd4 will be in the air. Black's king is totally unprotected.} h6 24. h4 Rh8
{Anticipating g5, but now I liquidate to a winning endgame.} 25. Qd4 (25. f5
Bd7 26. Nd5 {was another strong option.}) 25... Qc5 {Due to the threat of g5,
this is forced.} 26. Qxc5 dxc5 27. f5 {Black gets steamrollered down the
center.} Bc8 28. e5 Ne8 29. fxg6 fxg6 30. Nd5 Rf8 (30... e6 31. Nb6 Rf8 32. a5
{would have led to a comical situation, where Black can hardly move a single
piece.} Nc7 33. Rcd1 Na8 34. Na4 {, and Black collapses.}) 31. Nxe7 {Winning a
pawn and keeping a decisive positional advantage.} Be6 32. Kg3 Rf7 33. Nd5 b6
34. Rcd1 Nc7 35. Nxc7 Rxc7 36. Rd6 Re7 37. Bd5 Rbe8 {Here there are many ways
to win, but I decided to keep it simple.} 38. Bxe6 Rxe6 39. Rxe6 Rxe6 40. Kf4
Kf7 41. Ke4 {Next comes Kd5. so Black resigned. Due to this win and the win of
Sabino Brunello on board four, Italy was able to defeat Israel with a score of
2.1-1.5!} 1-0